Solid foundations solid contributions: (Record no. 1792)

MARC details
000 -LEADER
fixed length control field 006190000a22002170004500
003 - CONTROL NUMBER IDENTIFIER
control field LK-CoMWRAF
005 - DATE AND TIME OF LATEST TRANSACTION
control field 20231127112853.0
008 - FIXED-LENGTH DATA ELEMENTS--GENERAL INFORMATION
fixed length control field 230817t1989 ||||| |||| 00| 0 eng d
040 ## - CATALOGING SOURCE
Original cataloging agency LK-CoMWRAF
Modifying agency LK-CoMWRAF
Description conventions LK-CoMWRAF
041 ## - LANGUAGE CODE
Language code of text/sound track or separate title English
082 ## - DEWEY DECIMAL CLASSIFICATION NUMBER
Classification number 331.4
Item number SOL
942 ## - ADDED ENTRY ELEMENTS (KOHA)
Koha item type Books
700 ## - ADDED ENTRY--PERSONAL NAME
Personal name Mitha, Yameema
700 ## - ADDED ENTRY--PERSONAL NAME
Personal name Anwar, Masood
700 ## - ADDED ENTRY--PERSONAL NAME
Personal name Khan, Nighat Said
700 ## - ADDED ENTRY--PERSONAL NAME
Personal name Pal, Asmaa Javed
245 ## - TITLE STATEMENT
Title Solid foundations solid contributions:
Remainder of title women in the brick kiln industry
260 ## - PUBLICATION, DISTRIBUTION, ETC. (IMPRINT)
Place of publication, distribution, etc. Lahore:
Name of publisher, distributor, etc. ASR
Date of publication, distribution, etc. 1989
300 ## - PHYSICAL DESCRIPTION
Extent xvi, 162 p. : ill. ; 22 cm.
650 ## - SUBJECT ADDED ENTRY--TOPICAL TERM
Topical term or geographic name as entry element Women brickmakers--Pakistan.
Holdings
Withdrawn status Lost status Damaged status Not for loan Permanent Location Current Location Date acquired Full call number Barcode Koha item type
        Resource center, Muslim Women's Research And Action Forum Resource center, Muslim Women's Research And Action Forum 2023-08-17 331.4 SOL RAF3147 Books

Copyright © 2023 Muslim Women's Research and Action Forum (MWRAF), No 27/3, Anderson Road, Kalubowila, Dehiwela. Funded by The Asia Fundation